Movies Quiz

Random Movies or Disney Quiz

Disney Films in 8 Words Quiz Stats

Quiz Updated Aug 29, 2015

Also try: 15 Minutes of Fame
Challenge
Share
Tweet
Embed
Score 0/26 Timer 08:00
82 Plays Today
Description Movie % Correct
Queen orders stepdaughter's murder. Stepdaughter befriends small men.Snow White and the Seven Dwarfs
96.9%
Flying big-eared mammal is ridiculed, then adored.Dumbo
96.5%
Arabian thief wishes thrice and engages a princess.Aladdin
96%
Dogs fall in love and share spaghetti dinner.Lady and the Tramp
94.3%
Asian gal dresses like a dude, joins army.Mulan
92.7%
Cursed monster prince with withering rose finds love.Beauty and the Beast
92.3%
Children fly, battle aging, and fight some pirates.Peter Pan
91.1%
Hawaiian girl and cute alien stay on Earth.Lilo & Stitch
90.8%
Girl falls in hole, fights giant playing card.Alice in Wonderland
90.7%
Spotted puppies avoid futures as fur coat components.101 Dalmatians
90.6%
Wench receives magical assistance, then loses her shoe.Cinderella
90.4%
Man raised by gorillas falls for professor's daughter.Tarzan
89.9%
Hunters shoot title character's mom (and later him!)Bambi
89.9%
Description Movie % Correct
New Orleans waitress falls for voodoo-inflicted amphibian.The Princess and the Frog
86.4%
Love story about Native American girl and settler.Pocahontas
85.7%
Disfigured bellringer falls in love, doesn't get girl.The Hunchback of Notre Dame
84.7%
Scorned witch makes a gorgeous royal woman tired.Sleeping Beauty
84.6%
Mickey Mouse disobeys Yen Sid. Musical chaos ensues.Fantasia
83.6%
Puppy befriends but later hunts a wild vulpine.The Fox and the Hound
81.1%
King's brother murders king and drives away prince.The Lion King
81.1%
Old woman's felines are left in butler's hands.Aristocats
78.2%
Self-centered ruler is turned into a llama.The Emperor's New Groove
77.9%
Wolf-raised orphan refuses to join human community.The Jungle Book
72%
Zach Braff and Joan Cusack avoid falling sky.Chicken Little
67.7%
Mice save orphan girl from wicked kidnapper woman.The Rescuers
62%
Kenai befriends Koda and officially becomes a 'man.'Brother Bear
59.5%

You're not logged in!

Compare scores with friends on all Sporcle quizzes.
Sign Up with Email
OR
Log In

You Might Also Like...

Show Comments

Extras

Top Quizzes Today


Score Distribution

Your Account Isn't Verified!

In order to create a playlist on Sporcle, you need to verify the email address you used during registration. Go to your Sporcle Settings to finish the process.